Проблемы биологии продуктивных животных (Запись № 2399373)

Подробности
000 -МАРКЕР
контрольное поле 03861nas1a22004211i 4500
001 - ИДЕНТИФИКАТОР ЗАПИСИ
контрольное поле RU\NLR\Per\554862
005 - ИДЕНТИФИКАТОР ВЕРСИИ
контрольное поле 20260407091926.0
011 ## - МЕЖДУНАРОДНЫЙ СТАНДАРТНЫЙ НОМЕР СЕРИАЛЬНОГО ИЗДАНИЯ (ISSN)
Номер (ISSN) 1996-6733
Отмененный ISSN 1995-7262
035 ## - ДРУГИЕ СИСТЕМНЫЕ НОМЕРА
Идентификатор записи (NLR Aleph) 002780311
100 ## - ДАННЫЕ ОБЩЕЙ ОБРАБОТКИ
Данные общей обработки 20080711a20079999|||y0rusy50 ca
101 0# - ЯЗЫК РЕСУРСА
Язык текста, звукозаписи и т.д. русский
102 ## - СТРАНА ПУБЛИКАЦИИ ИЛИ ПРОИЗВОДСТВА
Страна публикации Российская Федерация
110 ## - ПОЛЕ КОДИРОВАННЫХ ДАННЫХ: ПРОДОЛЖАЮЩИЕСЯ РЕСУРСЫ
Кодированные данные продолжающегося ресурса ah|||||||||
200 1# - ЗАГЛАВИЕ И СВЕДЕНИЯ ОБ ОТВЕТСТВЕННОСТИ
Основное заглавие Проблемы биологии продуктивных животных
Сведения, относящиеся к заглавию бюллетень ВНИИ физиологии, биохимии и питания сельскохозяйственных животных РАСХН
-- научно-теоретический журнал
Первые сведения об ответственности Рос. акад. с.-х. наук
210 ## - ПУБЛИКАЦИЯ, РАСПРОСТРАНЕНИЕ И ДР.
Место издания, распространения и т.д. Боровск
Имя издателя, распространителя и т. д. [б. и.]
Дата издания, распространения и т.д. 2007 -
311 ## - ПРИМЕЧАНИЯ, ОТНОСЯЩИЕСЯ К ПОЛЯМ СВЯЗИ (ПРИМЕЧАНИЯ О СВЯЗИ С ДРУГИМИ ПРОИЗВЕДЕНИЯМИ (ИЗДАНИЯМИ))
Текст примечания Ранее выходил как: Бюллетень Всероссийского научно-исследовательского института физиологии, биохимии и питания сельскохозяйственных животных
430 #0 - ПРОДОЛЖЕН
Встроенное поле 2001#$aБюллетень Всероссийского научно-исследовательского института физиологии, биохимии и питания сельскохозяйственных животных
-- 71002$3RU\NLR\AUTH\8810031114$aВсероссийский НИИ физиологии, биохимии и питания сельскохозяйственных животных$cБоровск$4070
Заглавие Бюллетень Всероссийского научно-исследовательского института физиологии, биохимии и питания сельскохозяйственных животных
Автор Всероссийский НИИ физиологии, биохимии и питания сельскохозяйственных животных (Боровск)
510 1# - ПАРАЛЛЕЛЬНОЕ ЗАГЛАВИЕ
Параллельное заглавие Problems of productive animal biology
Язык заглавия английский
510 1# - ПАРАЛЛЕЛЬНОЕ ЗАГЛАВИЕ
Параллельное заглавие Problemy biologii productivnykh zhivotnykh
Язык заглавия интерлингва
606 1# - НАИМЕНОВАНИЕ ТЕМЫ КАК ПРЕДМЕТ
Наименование темы Сельскохозяйственные животные
Тематический подзаголовок Продуктивность
-- Биологические основы
Системный номер авторитетной/нормативной записи 1616590
Идентификатор авторитетной/нормативной записи RU\NLR\AUTH\661011203
686 1# - ИНДЕКСЫ ДРУГИХ КЛАССИФИКАЦИЙ
Индекс П560я52
686 1# - ИНДЕКСЫ ДРУГИХ КЛАССИФИКАЦИЙ
Индекс П52я52
711 02 - НАИМЕНОВАНИЕ ОРГАНИЗАЦИИ - АЛЬТЕРНАТИВНАЯ ОТВЕТСТВЕННОСТЬ
Начальный элемент ввода Всероссийский НИИ физиологии, биохимии и питания сельскохозяйственных животных
Идентифицирующий признак Боровск
Идентификатор авторитетной/нормативной записи RU\NLR\AUTH\8810031114
Системный номер авторитетной/нормативной записи 560874
712 02 - НАИМЕНОВАНИЕ ОРГАНИЗАЦИИ - ВТОРИЧНАЯ ОТВЕТСТВЕННОСТЬ
Код отношения Прочие
Начальный элемент ввода Российская академия сельскохозяйственных наук
Идентификатор авторитетной/нормативной записи RU\NLR\AUTH\8817866
Системный номер авторитетной/нормативной записи 308982
801 #2 - ИСТОЧНИК ЗАПИСИ
Страна Российская Федерация
Организация NLR
Дата составления 20080717
Источник данных rusmarc
801 #0 - ИСТОЧНИК ЗАПИСИ
Страна Российская Федерация
Организация NLR
Правила каталогизации PSBO
801 #1 - ИСТОЧНИК ЗАПИСИ
Страна Российская Федерация
Организация NLR
Дата составления 20080711
Источник данных rusmarc
852 ## - МЕСТОНАХОЖДЕНИЕ И ШИФР ХРАНЕНИЯ
Идентификатор организации NLR
Шифр хранения (Call Number) П14/796
942 ## - ДОПОЛНИТЕЛЬНЫЕ ЭЛЕМЕНТЫ ЗАПИСИ (АБИС)
Тип экземпляра АБИС Журнал
980 ## - КОЛЛЕКЦИЯ
Название коллекции Русская периодика

Нет доступных экземпляров.